Elementary linear algebra / (Record no. 11243)

MARC details
000 -LEADER
fixed length control field 00797nac a22002531u 4500
008 - FIXED-LENGTH DATA ELEMENTS--GENERAL INFORMATION
fixed length control field 090408t xxu||||| |||| 00| 0 eng d
010 ## -
-- 2002117256
020 ## - INTERNATIONAL STANDARD BOOK NUMBER
International Standard Book Number 0618783768
020 ## - INTERNATIONAL STANDARD BOOK NUMBER
International Standard Book Number 9780618783762
035 ## - SYSTEM CONTROL NUMBER
System control number (DLC) 2002117256
082 00 - DEWEY DECIMAL CLASSIFICATION NUMBER
Classification number 512.5
Item number LAR
100 ## - MAIN ENTRY--PERSONAL NAME
Personal name Larson, Ron,
9 (RLIN) 3438
245 10 - TITLE STATEMENT
Title Elementary linear algebra /
Statement of responsibility, etc Ron Larson, David C. Flavo.
250 ## - EDITION STATEMENT
Edition statement 6th ed.
260 ## -
-- Boston :
-- Houghton Mifflin Co.,
-- c2009.
300 ## - PHYSICAL DESCRIPTION
Extent 1 v. (various pagings) :
Other physical details ill. ;
Dimensions 24 cm.
336 ## - CONTENT TYPE
Source rdacontent
Content type term text
Content type code txt
337 ## - MEDIA TYPE
Media type term unmediated
Source rdamedia
Media type code n
338 ## - CARRIER TYPE
Carrier type term volume
Carrier type code nc
Source rdacarrier
500 ## - GENERAL NOTE
General note Includes index.
650 #0 - SUBJECT ADDED ENTRY--TOPICAL TERM
Topical term or geographic name as entry element Algebras, Linear.
9 (RLIN) 3439
700 1# - ADDED ENTRY--PERSONAL NAME
Personal name Falvo, David C.
9 (RLIN) 3440
942 ## - ADDED ENTRY ELEMENTS (KOHA)
Koha item type Book - Borrowing
Call number prefix 512.5LAR
Source of classification or shelving scheme Dewey Decimal Classification
Classification part RDA-MOD
Holdings
Withdrawn status Lost status Source of classification or shelving scheme Damaged status Not for loan Collection code Home library Current library Shelving location Date acquired Source of acquisition Cost, normal purchase price Serial Enumeration / chronology Total Checkouts Total Renewals Full call number Barcode Date last seen Date checked out Price effective from Koha item type
    Dewey Decimal Classification     Alahram Central Library Central Library First floor 08/04/2009   288.00 362 4 14 512.5 LAR 000015924 01/02/2026 03/12/2025 08/04/2009 Book - Borrowing